| 000 | 00817nmm a2200301 a 4500 | ||
|---|---|---|---|
| 003 | AR-BaBNM | ||
| 005 | 20251128202851.0 | ||
| 008 | 067119s1986 ||||||||||||||000 | spa|| | ||
| 020 | _a950-9824-01-1 | ||
| 040 | _cAR-BaBNM | ||
| 245 | 1 | 0 |
_aArgentina _bimagen de un país. Summa patagónica |
| 260 |
_aBuenos Aires _bBridas _c1986 |
||
| 300 |
_a168 p. _bil., láms. |
||
| 650 | 4 | _aHISTORIA ARGENTINA | |
| 650 | 4 | _aHISTORIA SOCIAL | |
| 650 | 4 | _aPERIODO HISPANICO | |
| 650 | 4 | _aPERIODO INDEPENDIENTE | |
| 650 | 4 | _aGEOGRAFIA FISICA | |
| 650 | 4 | _aHIDROGRAFIA | |
| 650 | 4 | _aGEOGRAFIA | |
| 650 | 4 | _aZONAS GEOGRAFICAS Y PAISES | |
| 650 | 4 | _aCIENCIAS DE LA TIERRA | |
| 650 | 4 | _aDATOS GEOGRAFICOS | |
| 651 | 4 | _aAmérica del Sur | |
| 700 | 1 |
_aBulgheroni, Raúl _ecoordinador |
|
| 942 | _cBK | ||
| 998 | _cmariana | ||
| 999 |
_c955 _d955 |
||